Slovenské strojárske podniky

Chirana-Prema, a.s. Stará Turá, Považské strojárne, a.s. Považská Bystrica, Slovenské lodenice, a.s. Komárno - hospodárenie týchto podnikov, zisk, vývoj priemerných cien akcií a obchodovaných objemov na BCP Bratislava.

Enregistré dans:
Détails bibliographiques
Auteur principal: Grančič, P.
Autres auteurs: Lukáč, J.
Format: Chapitre de livre
Langue:slovaque
Sujets:
Tags: Ajouter un tag
Pas de tags, Soyez le premier à ajouter un tag!

MARC

LEADER 00000naa a2200000 4500
001 r025451
005 20230921080552.6
041 0 |a slo 
044 |a SK 
245 1 0 |a Slovenské strojárske podniky  |c P. Grančič, J. Lukáč 
520 |a Chirana-Prema, a.s. Stará Turá, Považské strojárne, a.s. Považská Bystrica, Slovenské lodenice, a.s. Komárno - hospodárenie týchto podnikov, zisk, vývoj priemerných cien akcií a obchodovaných objemov na BCP Bratislava. 
610 2 0 |a priemysel strojársky 
610 2 0 |a podnik strojársky 
610 2 0 |a akcie 
610 2 0 |a zisk podnikový 
610 2 0 |a hospodárenie podnikové 
610 2 0 |a Chirana-Prema, a.s. Stará Turá 
610 2 0 |a Považské strojárne, a.s. Považská Bystrica 
610 2 0 |a Slovenské lodenice, a.s. Komárno 
610 2 0 |a Slovensko 
100 1 |a Grančič, P. 
700 1 |a Lukáč, J.